| 000 | 00514nam a22001817a 4500 | ||
|---|---|---|---|
| 003 | OSt | ||
| 005 | 20180116183105.0 | ||
| 008 | 170731b xxu||||| |||| 00| 0 eng d | ||
| 020 | _a9789332568853 | ||
| 040 | _c0 | ||
| 082 | _a658.403 REN 2016 | ||
| 100 | _aBarry Render, Ralph M. Stair, Jr | ||
| 245 |
_aQuantitative Analysis for Management _cBarry Render, Ralph M. Stair, Jr |
||
| 260 |
_aIndia _bPearson _c2016 |
||
| 300 |
_a621p. _bpb |
||
| 440 | _aQuantitative Analysis for Management | ||
| 942 |
_2ddc _cBK |
||
| 999 |
_c352039 _d352039 |
||